Music Quiz

Random Music or The Beatles Quiz

Figure Out the Beatles Lyrics VI Quiz Stats

 Plays Quiz Updated Aug 18, 2020

Support Sporcle.
Go Orange.
Score 0/200 Timer 08:00
1 Play Today
% Correct
I
96.7%
a
95.5%
a
95.5%
a
95.5%
You
91%
you
91%
you
91%
You
91%
you
91%
you
91%
you
91%
you
91%
you
91%
you
91%
you
91%
You
91%
you
91%
you
91%
you
91%
you
91%
You
91%
you
91%
You
91%
you
91%
you
91%
you
91%
you
91%
You
91%
the
87.8%
the
87.8%
the
87.8%
the
87.8%
the
87.8%
love
80.9%
me
78.1%
me
78.1%
me
78.1%
me
78.1%
we
76.9%
we
76.9%
we
76.9%
we
76.9%
to
73.8%
to
73.8%
be
73.4%
be
73.4%
be
73.4%
it
71.4%
can
66.3%
can.
66.3%
can
66.3%
know
66.2%
know
66.2%
know
66.2%
know
66.2%
know
66.2%
know
66.2%
know
66.2%
know
66.2%
know
66.2%
know
66.2%
go
66%
wanna
64.4%
wanna
64.4%
wanna
64.4%
all
63.8%
all
63.8%
% Correct
all
63.8%
all
63.8%
all
63.8%
all
63.8%
all
63.8%
all
63.8%
all
63.8%
all
63.8%
all
63.8%
all
63.8%
all
63.8%
all
63.8%
all
63.8%
ALL
63.8%
ALL
63.8%
ALL
63.8%
ALL
63.8%
ALL
63.8%
ALL
63.8%
ALL
63.8%
ALL
63.8%
ALL
63.8%
want
63.8%
want
63.8%
is
62.8%
say
61.4%
say
61.4%
say
61.4%
that
59.1%
that
59.1%
that
59.1%
when
53.6%
it's
51.6%
it's
51.6%
it's
51.6%
it's
51.6%
it's
51.6%
if
51.6%
if
51.6%
have
51.2%
tell
50.4%
tell
50.4%
tell
50.4%
right;
49.9%
right;
49.9%
right.
49.9%
right;
49.9%
right;
49.9%
right.
49.9%
right;
49.9%
right;
49.9%
right.
49.9%
RIGHT!
49.9%
RIGHT!
49.9%
RIGHT!
49.9%
RIGHT!
49.9%
RIGHT!
49.9%
RIGHT!
49.9%
RIGHT!
49.9%
RIGHT!
49.9%
RIGHT!
49.9%
world.
48.6%
world.
48.6%
your
47.6%
your
47.6%
for
47.5%
for
47.5%
% Correct
gonna
47.4%
gonna
47.4%
gonna
47.4%
well,
46.8%
well,
46.8%
well,
46.8%
well,
46.8%
well,
46.8%
well,
46.8%
see
46.3%
revolution;
46.3%
what
46.1%
don't
45.4%
Don't
45.4%
Don't
45.4%
Don't
45.4%
But
45.2%
But
45.2%
But
45.2%
of
44.3%
change
43.8%
change
43.8%
change
43.8%
change
43.8%
gonna
43.5%
out.
41%
we're
40.6%
with
39.5%
with
39.5%
make
35%
evolution;
34.6%
count
32.3%
got
31.2%
about
31.2%
constitution;
30.4%
talk
30.1%
mind
29.1%
doin'
27%
hate,
26.9%
destruction,
26.8%
you'll
26.5%
you'll
26.5%
Mao,
26.4%
chairman
25.8%
real
25.5%
people
25.1%
anyhow.
25.1%
wait.
24.8%
solution;
24.1%
ask
24%
institution;
23.7%
ain't
23%
plan.
22.6%
money
22.6%
anyone
22.4%
minds
22.3%
we'd
22%
pictures
20.6%
brother
20.5%
contribution;
20.5%
free
19.4%
head.
19.2%
better
19%
carrying
18.9%
instead.
17.9%
you'd
14.2%

You're not logged in!

Compare scores with friends on all Sporcle quizzes.
OR
Log In

From the Vault

Musicians by Halloween Costume

by isabellakng1

We've got you covered with some creative costume ideas this year.
Remove Ads.
Support Sporcle.
Get the best of Sporcle when you Go Orange. This ad-free experience offers more features, more stats, and more fun while also helping to support Sporcle. Thank you for becoming a member.

Show Comments

Extras

Top Quizzes Today


Score Distribution

Your Account Isn't Verified!

In order to create a playlist on Sporcle, you need to verify the email address you used during registration. Go to your Sporcle Settings to finish the process.

Report this User

Report this user for behavior that violates our Community Guidelines.

Details: